00675 2200193 4500245009900000250001100099100002200110700002400132700002200156700001600178650001600194005001900210260001800229041001400247084000800261300002100269500018200290336000900472 aKoleksi Karya Siswa Kelas X-Pemasaran b : Teks Cerpen Fantasy WorldcAisyah Nur FitriahText aCet. 1 aAisyah Nur Fitria aAna Julianty Caesar aAnnisa Nur Ikhlas aHanna Kayra aKarya Siswa a20240130133324 aJakartac2024 aIndonesia a081 a65 hlm. :cilus. aBuku ini berisikan berbagai cerita yang dituangkan oleh kami, begitu banyak tema yang dipakai. Mulai dari tema percintaan anak sekolah, kesedihan, impian dan dan lain sebagainya atext